| 000 | 00866cam a22002292 4500 | ||
|---|---|---|---|
| 001 | 0000001918 | ||
| 005 | 20151217151833.0 | ||
| 008 | 070329s xx 000 0 eng d | ||
| 020 | _a0714643335 : | ||
| 040 |
_aKABU _cKABU |
||
| 050 | 0 |
_aHD69 _b.S8E58 |
|
| 245 | 1 | 0 |
_aEnterprise clusters and networks in developing countries / _cedited by Meine Pieter van Dijk and Roberta Rabellotti. |
| 260 |
_aLondon : _bFrank Cass, _c1997. |
||
| 300 |
_a209 p. ; _c22 cm. |
||
| 500 | _a''In association with the European Association of Development Research and Training institutes (EADI), Geneva". | ||
| 650 | 0 |
_aBusiness networks _zDeveloping countries. _xCase studies. _@0000151013 |
|
| 700 | 1 |
_aDijk, Meine Pieter van. _@0000151014 |
|
| 700 | 1 |
_aRabellotti, Roberta. _@0000151015 |
|
| 908 | _a070329 | ||
| 950 | _@1 | ||
| 999 |
_c5515 _d5515 |
||